عرض عادي
عرض مارك
- Saito, Motoaki.
مدخل إسم شخص
001 - رقم الضبط
- حقل الضبط: 39976
003 - معرف رقم الضبط
- حقل الضبط: OSt
005 - تاريخ ووقت أخر عملية
- حقل الضبط: 20131116161938.0
008 - عناصر بيانات ثابتة الطول
- حقل تحكم ثابت الطول: 131116|||a|||||| | ||| d
040 ## - مصدر الفهرسة
- هيئة الفهرسة الأصلية: OSt
- وكالة الكتابة: OSt
100 ## - مدخل -- أسم شخص
- إسم شخص: Saito, Motoaki.
670 ## - بيانات المصدر موجوده
- الاستشهاد بالمصدر: Work cat.: (OSt)0: Dimitriadis, Fotios. 39970, Essentials of Polymorphonuclear neutrophils and their roles in male infertility :, 2010.
